Autoconciencia por el movimiento ejercicios fáciles para mejorar tu postura, visión, imaginación y desarrollo personal (Registro nro. 38637)
[ vista simple ]
| 000 -ENCABEZADO | |
|---|---|
| Número de control [NR] | 00920nam a2200229Ia 4500 |
| 005 - FECHA Y HORA DE LA ÚLTIMA TRANSACCIÓN | |
| control field | 20180313060902.0 |
| 008 - DE LONGITUD FIJA DE DATOS DE ELEMENTOS - INFORMACIÓN GENERAL | |
| Elementos de longitud fija [NR] | 1310 s2012 sp ao frf 000 0dspa |
| 020 ## - NUMERO INTERNACIONAL NORMALIZADO PARA LIBROS [R] | |
| Número Internacional Normalizado del libro [NR] | 9788449321979 |
| 040 ## - FUENTE DE CATALOGACION [NR] | |
| Agencia de catalogación original [NR] | CO-BoUCM |
| Idioma de catalogación [NR] | spa |
| Quien Cataloga | |
| Quien Clasifica | Aldemar Mondragón (modificó) |
| 041 00 - CODIGO DE IDIOMA [R] | |
| Código de idioma para texto/pista de sonido o título separado [R] | Español |
| 060 ## - SIGNATURA TOPOGRAFICA DE LA BIBLIOTECA NACIONAL DE MEDICINA (NLM) [R] | |
| Número clasificador [R] | WE 103 |
| 100 1# - ASIENTO PRINCIPAL--NOMBRE PERSONAL [NR] | |
| Nombre personal [NR] | Feldenkrais, Moshe |
| ID Autoridad | 49000 |
| 245 10 - MENCION DE TITULO [NR] | |
| Título [NR] | Autoconciencia por el movimiento ejercicios fáciles para mejorar tu postura, visión, imaginación y desarrollo personal |
| Mención de responsabilidad, etc. [NR] | Moshe Feldenkrais ; traducción Luis Justo |
| 260 ## - PUBLICACION, DISTRIBUCION, ETC. (PIE DE IMPRENTA) [R] | |
| Lugar de publicación, distribución, etc. [R] | Barcelona (España) |
| Nombre del editor, distribuidor, etc. [R] | Paidós |
| Fecha de publicación, distribución, etc. [R] | 2012 |
| 300 ## - DESCRIPCION FISICA [R] | |
| Extensión [R] | 216 páginas |
| Otros detalles físicos [NR] | fotografías |
| 490 0# - MENCION DE SERIE [R] | |
| Mención de serie [R] | Paidós Vida y Salud |
| 650 #7 - ASIENTO SECUNDARIO DE MATERIA - TERMINO TEMATICO [R] | |
| Término temático o nombre geográfico como elemento de entrada [NR] | Ortopedia |
| 9 (RLIN) | 26544 |
| 650 #7 - ASIENTO SECUNDARIO DE MATERIA - TERMINO TEMATICO [R] | |
| Término temático o nombre geográfico como elemento de entrada [NR] | Ortopedia |
| Subdivisión de forma [R] | Manuales |
| 9 (RLIN) | 45955 |
| 700 1# - ASIENTO SECUNDARIO - NOMBRE PERSONAL [R] | |
| Nombre personal [NR] | Justo, Luis |
| Término de relación [R] | traductor |
| 9 (RLIN) | 49001 |
| 765 ## - ASIENTO DE IDIOMA ORIGINAL [R] | |
| Título [NR] | Awareness through movement. healt exercises for personal growth |
| 942 ## - ELEMENTOS DE ENTRADA AGREGADOS (KOHA) | |
| Tipo de ítem principal el descrito en 300a | Libro |
| Tema principal | Medicina |
| Edición | 1 |
| Parte restante de la signatura top. | F312au |
| Sistema de clasificación | NLM |
| Clasificación | WE 103 |
| Título oculto en OPAC | No |
| Fecha de último préstamo | Total préstamos | Total Renewals | Signatura topográfica | Código de barras | Prestado | Última vez visto | Ejemplar | Price effective from | Tipo de ítem | Perdido | Sistema de clasificación | Dañado | No prestable | Tipo de ítem específico | Suprimido | Ubicación habitual | Ubicación actual | Localización | Fecha de creación | Forma de adquisición | Costo | Costo de reposición | Proveedor |
|---|---|---|---|---|---|---|---|---|---|---|---|---|---|---|---|---|---|---|---|---|---|---|---|
| 04/08/2022 | 21 | 8 | WE 103 F312au | 200022972 | 03/09/2022 | 04/08/2022 | Ej.1 | 03/02/2013 | Libro | NLM | Libro | Quinta de Mutis | Quinta de Mutis | 2do piso | 19/02/2013 | Compra | 71000.00 | ||||||
| 02/08/2022 | 7 | 6 | WE 103 F312au | 200025469 | 11/12/2025 | Ej.2 | 21/10/2013 | Libro | NLM | Libro | Quinta de Mutis | Quinta de Mutis | 2do piso | 21/10/2013 | Compra | 41400.00 | 42023.00 | 15 | |||||
| 06/02/2026 | 15 | 10 | WE 103 F312au | 200025491 | 06/04/2026 | Ej.3 | 29/10/2013 | Libro | NLM | Libro | Quinta de Mutis | Quinta de Mutis | 2do piso | 29/10/2013 | Compra | 41200.00 | 41200.00 | 15 |